000 00761nam a2200205Ii 4500
003 JO-AjNU
008 230605s9999||||xx |||||||||||||| ||und||
040 _aJO-AjNU
_bara
_erda
_cJO-AjNU
041 _aara
050 1 4 _aBP173.75.M36 2007
100 3 _aالمنصور، عيسى ضيف الله,
_eauthor
_930686
245 0 0 _aنظرية الأرباح في المصارف الإسلامية: دراسة مقارنة
250 _aط1
264 3 1 _aعمان: دار النفائس للنشر والتوزيع، 2007
300 _a455ص
336 _atext
_btxt
_2rdacontent
337 _aunmediated
_bn
_2rdamedia
338 _avolume
_bnc
_2rdacarrier
650 4 _aالاقتصاد الاسلامي- البنوك الاسلامية- الارباح
_930687
999 _aA12194
_c15762
_d15762